01429cam a22003011 45000010005000000030008000050050017000130080039000300350018000690350019000870400038001060410008001440820023001521100051001752450153002262600067003793000053004464900048004995040041005475050188005886500058007766500052008348300020008868300048009069420012009549990015009669520146009819757BD-RjUL20211208234830.0140121s1960 paua b 100 0 eng a(BD-RjUL)9802 a(OCoLC)1637443 aDLCcFMdOCoLCdDLCdBD-RjULbeng aeng a621.4833bMAT 19602 aAmerican Society for Testing Materials.93015710aMaterials in nuclear applications :bpresented at the third Pacific area national meeting, San Francisco, Calif., October 12, 14, 15, and 16, 1959 / aPhiladelphia :c1960.bAmerican society for testing materials. avi, 344 p. :billus., diagrs., tables. ;c24 cm.1 aIts Special technical publication,vno. 276 aIncludes bibliographical references.0 aSymposium on radiation effects and dosimetry.--Symposium on postirradiation effects in polymers.--Papers on industrial water for reacter use.--Symposium on ceramics in nuclear energy. 0aMaterialsxEffect of radiation onvCongresses.930158 0aNuclear reactorsxMaterialsvCongresses.930159 0vno. 276.930166 0aASTM special technical publication ;930161 2ddccBK c9757d9757 00102ddc40718NFICaRUCLbRUCLcReadingd1967-10-23eAsia foundationg0.00l0o621.4833 MAT 1960r2014-01-21 00:00:00tC-1w2014-01-21yBK